000 00401nam a2200169 a 4500
005 20140414093849.0
008 120308s19uu xx uuu eng d
020 _a0764188445
050 _aCD 428.0076
_bTOE 2010
100 _aLougheed, Lin
245 _aTOEIC /
_cLin Lougheed.
260 _aUSA :
_bBarrons,
_c2010.
500 _a4 CD's
942 _cAVM
999 _c109802
_d109802